LEADER 01278nam a2200289 i 4500 001 000000109905 003 CaOOAMICUS 005 20210921165217.0 008 090508s2001 it u000 u ita u 013 $a82586 020 $a88-343-0699-6 040 $aSeMil$bita 245 12$aI rag@zzi del web :$bi preadolescenti e Internet : una ricerca /$ca cura di Pier Cesare Rivoltella. 246 0 $aI ragazzi del web 260 $aMilano :$bV&P Università,$c2001. 300 $aIX, 183 p. ;$c22 cm. 490 0 $aV&P Università. Pedagogia e scienze dell'educazione. Ricerche 700 1 $aRivoltella, Pier Cesare,$d<1964- >.$0(OLS)http://semarc/name/5038 830 0$aUniversità. Pedagogia e scienze dell'educazione. Ricerche.$0(OLS)http://semarc/title/10443 850 $aSeMil 852 $aSeMil$W1$xVenegono$y1$m2Q III 312$j65836$B65836$CSeMilBibl$Z2$F73103 $81 961 $aOmaggio: Colasanto Prof. Michele 996 $6020$a88-343-0699-6$9(OLS)http://semarc/number/91443 996 $6245$aI rag@zzi del web :$bi preadolescenti e Internet : una ricerca$9(OLS)http://semarc/title/159633 996 $6246$aI ragazzi del web$9(OLS)http://semarc/title/437176 996 $6260$aMilano :$bV&P Università$9(OLS)http://semarc/publisher/32087 LEADER 01715nam a2200193 i 4500 001 000000027224 003 CaOOAMICUS 005 20180830125447.0 008 180830s1878 fr u000 u und u 040 $aSeMil$bita 245 10$aIndices, quorum volumen primum continet in prima parte :$b1° rationem emendationum quarum ope veteres editiones innumeris mendis expurgatae sunt ; 2° annotationes in textum, variasque lectiones habitas aut propositas. In secunda parte : 1° indicem operum omnium prout in 28. voluminibus dispensantur ; 2° indicem locorum scripturae sacrae ; Volumen secundum autem in ordine alphabetico indicem rerum generalem /$cdelineati cura et studio Caroli Berton. 260 $aParisiis :$bapus Ludovicum Vivès,$c1878. 300 $a2 v. ;$c27 cm. 700 1 $aBerton, Charles.$0(OLS)http://semarc/name/12371 773 0 $aSuarez, Francisco, $tFrancisci Suarez e Societate Jesu Opera omnia.$bEditio nova a D. M. André, ... [poi] a Carolo Berton iuxta editionem venetianam 23 tomos in F. continentem, accurate recognita.$dParisiis : apud Ludovicum Vivès, 1856-1878.$w()27223 774 0 $t1.$g1$w()215134 774 0 $t2.$g2$w()215136 996 $6245$aIndices, quorum volumen primum continet in prima parte :$b1° rationem emendationum quarum ope veteres editiones innumeris mendis expurgatae sunt ; 2° annotationes in textum, variasque lectiones habitas aut propositas. In secunda parte : 1° indicem operum omnium prout in 28. voluminibus dispensantur ; 2° indicem locorum scripturae sacrae ; Volumen secundum autem in ordine alphabetico indicem rerum generalem$9(OLS)http://semarc/title/36834 996 $6260$aParisiis :$bapus Ludovicum Vivès$9(OLS)http://semarc/publisher/37161